Statistics for Which countries posses external territories?

Click here to take the quiz!

General Stats

  • This quiz has been taken 115 times
    (79 since last reset)
  • The average score is 9 of 12

Answer Stats

HintAnswer% Correct
16United Kingdom
100%
12United States
96%
10France
95%
6Netherlands
86%
5Australia
79%
4Norway
72%
3New Zealand
68%
2Denmark
67%
3Spain
64%
2China
62%
2Portugal
62%
1Finland
41%

Score Distribution

Percentile by Number Answered

Percent of People with Each Score

Your Score History

You have not taken this quiz since the last reset